| 000 | 00379nam a2200145Ia 4500 | ||
|---|---|---|---|
| 008 | 180922s9999 xx 000 0 und d | ||
| 020 | _a764540742 | ||
| 100 | _aGookin,Dan. | ||
| 245 |
_cDan Gookin.-- _aPCs for dummies / |
||
| 250 | _a9th ed | ||
| 260 |
_aNew Jersey : _bWiley Publishing _c2003 |
||
| 300 | _axx, 404 pages. | ||
| 650 | _aComputers. | ||
| 650 | _aMicrocomputers. | ||
| 999 |
_c358834 _d358834 |
||